00309nam a2200121Ia 4500008004100000100001800041245006300059260002100122300000900143650001300152942000700165999001500172190216s9999||||xx |||||||||||||| ||und|| aRagnar Nurkse 0aProblems Of Capital Formation In Under Developed Countries bVrinda Pubc1955 a163p aCommerce cBK c9378d9378